Primer on the rheumatic diseases / (Record no. 1029)

MARC details
000 -LEADER
fixed length control field 01208pam a2200337 a 4500
001 - CONTROL NUMBER
control field 2598219
003 - CONTROL NUMBER IDENTIFIER
control field OSt
005 - DATE AND TIME OF LATEST TRANSACTION
control field 20150211125915.0
008 - FIXED-LENGTH DATA ELEMENTS--GENERAL INFORMATION
fixed length control field 970606s1997 gaua b 001 0 eng c
010 ## - LIBRARY OF CONGRESS CONTROL NUMBER
LC control number 97025311
020 ## - INTERNATIONAL STANDARD BOOK NUMBER
International Standard Book Number 0912423161 (pbk. : alk. paper)
040 ## - CATALOGING SOURCE
Original cataloging agency DNLM/DLC
Transcribing agency DLC
Modifying agency DLC
050 00 - LIBRARY OF CONGRESS CALL NUMBER
Classification number RC927
Item number .P67 1997
060 10 - NATIONAL LIBRARY OF MEDICINE CALL NUMBER
Classification number WE 344 P953 1997
082 00 - DEWEY DECIMAL CLASSIFICATION NUMBER
Classification number WE 344 PRI 1997
Edition number 21
245 00 - TITLE STATEMENT
Title Primer on the rheumatic diseases /
Statement of responsibility, etc. John H. Klippel, editor ; Cornelia M. Weyand, associate editor, Robert L. Wortmann, associate editor.
250 ## - EDITION STATEMENT
Edition statement 11th ed.
260 ## - PUBLICATION, DISTRIBUTION, ETC. (IMPRINT)
Place of publication, distribution, etc. Atlanta, Ga. :
Name of publisher, distributor, etc. Arthritis Foundation,
Date of publication, distribution, etc. c1997.
300 ## - PHYSICAL DESCRIPTION
Extent xiii, 513 p. :
Other physical details ill. ;
Dimensions 28 cm.
504 ## - BIBLIOGRAPHY, ETC. NOTE
Bibliography, etc Includes bibliographical references and index.
650 #0 - SUBJECT ADDED ENTRY--TOPICAL TERM
Topical term or geographic name as entry element Rheumatism.
9 (RLIN) 2784
650 #0 - SUBJECT ADDED ENTRY--TOPICAL TERM
Topical term or geographic name as entry element Arthritis.
9 (RLIN) 2785
650 12 - SUBJECT ADDED ENTRY--TOPICAL TERM
Topical term or geographic name as entry element Arthritis.
9 (RLIN) 2786
650 22 - SUBJECT ADDED ENTRY--TOPICAL TERM
Topical term or geographic name as entry element Rheumatic Diseases.
9 (RLIN) 2787
700 1# - ADDED ENTRY--PERSONAL NAME
Personal name Klippel, John H.
9 (RLIN) 2788
700 1# - ADDED ENTRY--PERSONAL NAME
Personal name Weyand, Cornelia M.
9 (RLIN) 2789
700 1# - ADDED ENTRY--PERSONAL NAME
Personal name Wortmann, Robert.
9 (RLIN) 2790
906 ## - LOCAL DATA ELEMENT F, LDF (RLIN)
a 7
b cbc
c orignew
d 1
e ocip
f 19
g y-gencatlg
942 ## - ADDED ENTRY ELEMENTS (KOHA)
Source of classification or shelving scheme Other/Generic Classification Scheme
Koha item type Short Loan
Holdings
Withdrawn status Lost status Source of classification or shelving scheme Damaged status Not for loan Home library Current library Date acquired Source of acquisition Inventory number Total Checkouts Full call number Barcode Date last seen Price effective from Koha item type
    Other/Generic Classification Scheme     MUST Main Library MUST Main Library 11/02/2015   2001/16614   WE 344 PRI 1997 2015-0287 11/02/2015 11/02/2015 Short Loan